Correspondencia de Don Antonio Varas
Gardado en:
| Autor Principal: | |
|---|---|
| Formato: | Libro |
| Idioma: | Lingua castelá |
| Publicado: |
Santiago
Dirección General de Talleres Fiscales de Prisiones, Taller Imprenta
1929
|
| Edición: | 1a. ed |
| Subjects: | |
| Tags: |
Engadir etiqueta
Sen Etiquetas, Sexa o primeiro en etiquetar este rexistro!
|
MARC
| LEADER | 00000nam a2200000 a 4500 | ||
|---|---|---|---|
| 001 | UCJ4745 | ||
| 003 | CL-VaPUC | ||
| 008 | 070124e19290000CL |||||||||||||||||spa|d | ||
| 082 | 0 | 4 | |a 983 |b CRU |2 21 |
| 100 | 0 | |a Cruchaga Ossa, Alberto |e author |9 508980 | |
| 245 | 1 | 0 | |a Correspondencia de Don Antonio Varas |
| 246 | 1 | 0 | |a Cuestiones americanas |
| 246 | 1 | 0 | |a Don Antonio Varas en la Cancillería |
| 250 | |a 1a. ed | ||
| 300 | |a 388 p | ||
| 942 | |c BK | ||
| 945 | |d 20070124 00:00:00 |a rinostro | ||
| 260 | |a Santiago |b Dirección General de Talleres Fiscales de Prisiones, Taller Imprenta |c 1929 | ||
| 500 | |a Front., retrato de Don Antonio Varas | ||
| 600 | 0 | |a Montt Torres, Manuel, |d 1809-1880 |9 313788 | |
| 650 | 0 | |a Historia de Chile |9 265473 | |
| 650 | 0 | |a Diplomacia |9 256483 | |
| 650 | 7 | |a EPISTOLARIO |2 CL-VaPUC |9 321776 | |
| 650 | 7 | |a GUERRA CON ESPAÑA |2 CL-VaPUC |9 504456 | |
| 650 | 0 | |a Presidentes de Chile |9 268293 | |
| 650 | 0 | |a Iconografía |9 267998 | |
| 650 | 7 | |a DOCUMENTOS |2 CL-VaPUC |9 366450 | |
| 650 | 7 | |a FUENTES |2 CL-VaPUC |9 255666 | |
| 651 | 0 | |a Ecuador |9 258378 | |
| 651 | 0 | |a España |9 254926 | |
| 651 | 7 | |a CHILE |2 CL-VaPUC |9 508981 | |
| 651 | 0 | |a Perú |9 256567 | |
| 583 | |a last modification |c 20070124 00:00:00 |k Rodrigo Vera | ||
| 999 | |c 320860 |d 320858 | ||
| 952 | |0 0 |1 0 |4 0 |6 983_000000000000000_CRU_1929 |7 0 |8 X |9 399473 |a FDOBUD |b FDOBUD |d 2019-11-22 |i 102549K |o 983 CRU 1929 |p 102549K |r 2019-11-22 |w 2019-11-22 |y BK_X |k BUD | ||